Statistics for Italia 90 World Cup

Click here to take the quiz!

General Stats

  • This quiz has been taken 61 times
    (56 since last reset)
  • The average score is 19 of 24

Answer Stats

Answer% Correct
Brazil
98%
England
98%
Argentina
96%
Italy
96%
Cameroon
94%
Spain
94%
Rep Of Ireland
90%
Egypt
86%
Belgium
84%
Netherlands
84%
USA
84%
West Germany
84%
Yugoslavia
82%
Sweden
78%
Scotland
76%
Colombia
72%
Czechoslovakia
68%
Romania
68%
Austria
64%
South Korea
64%
Uruguay
64%
Costa Rica
60%
Soviet Union
52%
UAE
42%

Score Distribution

Percentile by Number Answered

Percent of People with Each Score

Your Score History

You have not taken this quiz since the last reset